000 00315nam a22001337a 4500
008 181008b xxu||||| |||| 00| 0 eng d
020 _a9781111530228
041 _aeng
080 _213th
_a334.7
100 _a55
101 _aMF
245 _aFundamentals of Financial Management
_cBrigham,E,F
942 _2udc
_cBK
999 _c49036
_d49036